INCOME TAX LAW AND ACCOUNTS (Record no. 8589)

MARC details
000 -LEADER
fixed length control field 00474nam a22001817a 4500
005 - DATE AND TIME OF LATEST TRANSACTION
control field 20240830134505.0
008 - FIXED-LENGTH DATA ELEMENTS--GENERAL INFORMATION
fixed length control field 240830b |||||||| |||| 00| 0 eng d
020 ## - INTERNATIONAL STANDARD BOOK NUMBER
ISBN 978-93-5173-863-3
041 ## - LANGUAGE CODE
Language code of text/sound track or separate title eng
082 ## - DEWEY DECIMAL CLASSIFICATION NUMBER
Classification number 336.24
100 ## - MAIN ENTRY--AUTHOR NAME
Personal name MEHROTRA, DR.H.C AND GOYAL, DR.S.P.
245 ## - TITLE STATEMENT
Title INCOME TAX LAW AND ACCOUNTS
250 ## - EDITION STATEMENT
Edition statement 64TH ED. 2023-2024
260 ## - PUBLICATION, DISTRIBUTION, ETC. (IMPRINT)
Place of publication AGRA
Name of publisher SAHITYA BHAVAN PUBLICATION
Year of publication 2023
300 ## - PHYSICAL DESCRIPTION
Number of Pages 772;P
650 ## - SUBJECT ADDED ENTRY--TOPICAL TERM
Topical Term MANAGEMENT
942 ## - ADDED ENTRY ELEMENTS (KOHA)
Koha item type Books
Holdings
Lost status Damaged status Collection code Home library Current library Shelving location Date acquired Source of acquisition Cost, normal purchase price Serial Enumeration / chronology Full call number Accession Number Koha item type
    Reference JRU Library JRU Library SHELF-72-D 30/08/2024 PURCHASE 650.00 NEW ARRIVALS SHELF 336.24 28320 Books
    MANAGEMENT JRU Library JRU Library SHELF-32-E 30/08/2024 PURCHASE 650.00   336.24 28321 Books